00769nam a2200217 a 450000100060000000300080000600500170001400800410003103500190007204000410009104100080013208200280014010000370016824501220020526000750032730000290040265000280043165000230045965100310048265100380051333247BD-RjUL20211209051955.0181022r19651893nyu 000 0 eng  a(BD-RjUL)33338 aDLCcODaWUdOCoLCdDLCdBD-RjULbeng aeng04a909.09767bLAM 19652232 aLane-Poole, Stanley,d1854-1931.14aThe Mohammadan dynasties:bchronological and genealogical tables with historical introductions /cStanley Lane-Poole. aNew York :bFrederick Ungar Publishing Co.,c1893 [Republished 1965.] axxviii, 361 p. ;c21 cm. aChronology, Mohammedan  aMuslims xHistory  aIslamic Empire xGenealogy aIslamic Empire xKings and rulers